Trh práce v evropském pohledu
Vo všetkých krajinách Európskej únie sa zvyšuje zamestnanosť. Pohľad na mieru zamestnanosti 20-64 ročných v členských štátoch EÚ.
Na minha lista:
| Formato: | Capítulo de Livro |
|---|---|
| Idioma: | eslovaco |
| Assuntos: | |
| Tags: |
Sem tags, seja o primeiro a adicionar uma tag!
|
MARC
| LEADER | 00000naa a2200000 4500 | ||
|---|---|---|---|
| 001 | 0240864 | ||
| 005 | 20221104111615.0 | ||
| 041 | 0 | |a slo | |
| 044 | |a SK | ||
| 245 | 1 | 0 | |a Trh práce v evropském pohledu |
| 520 | |a Vo všetkých krajinách Európskej únie sa zvyšuje zamestnanosť. Pohľad na mieru zamestnanosti 20-64 ročných v členských štátoch EÚ. | ||
| 610 | 2 | 0 | |a Európska únia |
| 610 | 2 | 0 | |a trh práce |
| 610 | 2 | 0 | |a politika zamestnanosti |
| 610 | 2 | 0 | |a miera zamestnanosti |